DEFRA Wiki (Record no. 120507)
[ view plain ]
| 000 -LEADER | |
|---|---|
| fixed length control field | 01008cam a2200181 4500 |
| 001 - CONTROL NUMBER | |
| control field | ##WS134748 |
| 008 - FIXED-LENGTH DATA ELEMENTS--GENERAL INFORMATION | |
| fixed length control field | 060830n 000 0 eng u |
| 035 ## - SYSTEM CONTROL NUMBER | |
| System control number | (Sirsi) u134748 |
| 041 0# - LANGUAGE CODE | |
| Language code of text/sound track or separate title | eng |
| 110 1# - MAIN ENTRY--CORPORATE NAME | |
| Corporate name or jurisdiction name as entry element | United Kingdom |
| Subordinate unit | Department for Environment, Food and Rural Affairs |
| 245 00 - TITLE STATEMENT | |
| Title | DEFRA Wiki |
| Remainder of title | environmental contract |
| 520 ## - SUMMARY, ETC. | |
| Summary, etc. | Invites public participation in an experiment in collaborative working - a Wiki (named after the Internet Wikipedia) - to develop the idea of an environmental contract through direct stakeholder input into the contract drafting process. Provides links to the environmental contract pages, further discussion, food for thought pages and advises on how to edit or create pages. Registration is currently not necessary. |
| 590 ## - LOCAL NOTE (RLIN) | |
| Local note | IKA050906 |
| 651 #4 - SUBJECT ADDED ENTRY--GEOGRAPHIC NAME | |
| Geographic name | United Kingdom |
| Chronological subdivision | |
| 690 ## - LOCAL SUBJECT ADDED ENTRY--TOPICAL TERM (OCLC, RLIN) | |
| Topical term or geographic name as entry element | ENVIRONMENTAL AND LAND CONSULTANCY-ENVIRONMENTAL MANAGEMENT |
| 856 40 - ELECTRONIC LOCATION AND ACCESS | |
| Uniform Resource Identifier | <a href="https://wiki.defra.gov.uk/WikiHome">https://wiki.defra.gov.uk/WikiHome</a> |
| Public note | View the website free of charge at www.defra.gov.uk... |
| 942 ## - ADDED ENTRY ELEMENTS (KOHA) | |
| Suppress in OPAC | 0 |
| Withdrawn status | Lost status | Source of classification or shelving scheme | Damaged status | Not for loan | Home library | Current library | Shelving location | Date acquired | Total Checkouts | Full call number | Barcode | Date last seen | Copy number | Price effective from | Koha item type |
|---|---|---|---|---|---|---|---|---|---|---|---|---|---|---|---|
| Dewey Decimal Classification | Virtual | Virtual | Online | 30/08/2006 | WEB SITE | 134748-2001 | 06/08/2019 | 1 | 06/08/2019 | Online material |